[Event "Washington Class Championships"]
[Site "Lynnwood, WA"]
[Date "2013.11.30"]
[Round "2"]
[White "Oshiro Michael  (WA)"]
[Black "Bragg David  (WA)"]
[Result "0-1"]
[WhiteElo "2101"]
[BlackElo "2200"]
[Annotator ""]
[Source ""]
[Remark "Master"]

1.d4 Nf6 2.c4 c5 3.d5 b5 4.cxb5 a6 5.Nc3 axb5 6.e4 b4 7.Nb5 d6
8.Bc4 g6 9.e5 dxe5 10.d6 exd6 11.Bg5 Ra5 12.Nf3 Be6 13.Bxe6 fxe6
14.Nxd6+ Bxd6 15.Bxf6 Qxf6 16.Qxd6 Nd7 17.Rd1 Ra7 18.Qc6 e4 19.Rd6
O-O 20.Qxe4 Qf5 21.Qxf5 exf5 22.O-O Rf6 23.Rxf6 Nxf6 24.Ra1 c4
25.a4 Ne4 26.Nd4 Rd7 27.Nc6 c3 0-1

[Event "Washington Class Championships"]
[Site "Lynnwood, WA"]
[Date "2013.11.30"]
[Round "3"]
[White "Allen Robert  (WA)"]
[Black "Eken Winston  (WA)"]
[Result "0-1"]
[WhiteElo "1721"]
[BlackElo "1622"]
[Annotator ""]
[Source ""]
[Remark "B"]

1.d4 d5 2.c4 c6 3.Nc3 Nf6 4.Nf3 g6 5.e3 Bg7 6.Bd3 O-O 7.O-O b6
8.Qc2 Bb7 9.Bd2 Nbd7 10.Rac1 c5 11.cxd5 cxd4 12.Nxd4 Nxd5 13.Nxd5
Bxd5 14.Bc3 Nc5 15.b3 e5 16.Nb5 a6 17.Na3 Qg5 18.e4 Nxd3 19.Qxd3
Bb7 20.Nc4 Rad8 21.Qe2 b5 22.Na5 Ba8 23.Bb4 Rfe8 24.Rc7 Rd4 25.Be7
f6 26.Rd1 Rxe4 27.Qc2 Re1+ 0-1

[Event "Washington Class Championships"]
[Site "Lynnwood, WA"]
[Date "2013.11.30"]
[Round "3"]
[White "Hosford Michael  (WA)"]
[Black "Mitchell Mika  (WA)"]
[Result "1/2-1/2"]
[WhiteElo "1924"]
[BlackElo "1820"]
[Annotator ""]
[Source ""]
[Remark "A"]

1.Nf3 Nc6 2.d4 d5 3.g3 Bg4 4.Bg2 Qd7 5.h3 Bf5 6.c4 e6 7.Nc3 Nf6
8.O-O ( 8.Ne5 Nxe5 9.dxe5 Ne4 10.Qb3 Nc5 11.Qd1 dxc4 12.Qxd7+
Kxd7 13.Be3 c6 14.O-O-O+ Kc7 15.Rd4 Nd7 16.Rxc4 Nxe5 17.Bf4 f6
18.Rd1 Be7 19.e4 Bg6 20.Ne2 Rad8 21.Nd4 Bf7 22.h4 a6 23.Bh3 Rd6
24.Rc2 Rhd8 25.Be3 Nf3 {0-1, Berger Steve (GER) 2320 - Gelfenboim Jaroslaw (GER) 2168, Neumuenster (Germany) 2000}
) Be7 9.Ne5 Nxe5 10.dxe5 Ne4 11.cxd5 Nxc3 12.bxc3 exd5 1/2-1/2

[Event "Washington Class Championships"]
[Site "Lynnwood, WA"]
[Date "2013.11.30"]
[Round "2"]
[White "Newstead Brumas  (WA)"]
[Black "Arustamian Katherine  (WA)"]
[Result "1-0"]
[WhiteElo "1510"]
[BlackElo "1289"]
[Annotator ""]
[Source ""]
[Remark "D"]

1.e4 e5 2.Nc3 Nc6 3.Bc4 Bc5 4.Qg4 Qf6 5.Nd5 Qxf2+ 6.Kd1 Kf8 7.Nh3
Qd4 8.d3 Bb6 9.Qf3 Nge7 {??} ( 9...f6 10.c3 Qc5 11.b4 Qd6 12.a4
a5 13.Nxb6 cxb6 14.bxa5 bxa5 15.Ba3 Nb4 16.cxb4 axb4 17.Bc1 Ne7
18.Ng5 Qd4 19.Ra2 h6 20.Bb2 Qb6 21.Nf7 Rh7 22.Nxe5 d6 23.Qh5
g5 24.Ng6+ Nxg6 25.Qxg6 Bg4+ 26.Kc1 Qe3+ 27.Kb1 d5 28.Qxf6+ Ke8
29.Bb5+ Bd7 30.Qe6+ Kf8 31.Rf1+ Qf4 32.Rxf4+ gxf4 33.Bxd7 b3
34.Qd6+ Re7 35.Qxh6+ Kf7 36.Qg7# {1-0, Ip Vincent (FRA) 2050 - Benassayag Lucas (FRA) 2096, France 2002}
) 10.Nxb6 axb6 11.Qxf7# 1-0

[Event "Washington Class Championships"]
[Site "Lynnwood, WA"]
[Date "2013.11.29"]
[Round "1"]
[White "Bragg David  (WA)"]
[Black "Raptis Nick  (OR)"]
[Result "0-1"]
[WhiteElo "2200"]
[BlackElo "2343"]
[Annotator ""]
[Source ""]
[Remark "Master"]

1.d4 Nf6 2.c4 g6 3.Nc3 Bg7 4.e4 O-O 5.Be2 d6 6.h4 c5 7.e5 Nfd7
8.exd6 exd6 9.Nb5 Nc6 10.d5 Nd4 11.Nxd6 Qa5+ 12.Kf1 Ne5 13.Nxc8
Raxc8 14.f4 Nd7 15.Bd3 Rce8 16.Bd2 Qb6 17.Rb1 Nf6 18.Rh3 Ne4
19.Re3 Nf5 20.Nf3 Nxd2+ 0-1

[Event "Washington Class Championships"]
[Site "Lynnwood, WA"]
[Date "2013.11.30"]
[Round "4"]
[White "Collyer Curt  (WA)"]
[Black "Tiglon Bryce  (WA)"]
[Result "1/2-1/2"]
[WhiteElo "2295"]
[BlackElo "2199"]
[Annotator ""]
[Source ""]
[Remark "Master"]

1.d4 Nf6 2.c4 e6 3.Nc3 Bb4 4.a3 Bxc3+ 5.bxc3 Ne4 6.Nh3 d5 7.f3
Nf6 ( 7...Nf6 8.Nf2 O-O 9.e4 dxe4 10.fxe4 e5 11.Bd3 exd4 12.e5
Nfd7 13.cxd4 c5 14.Qh5 g6 15.Qh6 cxd4 16.Ne4 Qa5+ 17.Bd2 Qxe5
18.O-O f5 19.Ng5 Qg7 20.Qxg7+ Kxg7 21.Ne6+ Kf6 22.Rae1 Nc6 23.Bg5+
Kf7 24.Nxf8 Nxf8 25.Be4 Be6 26.Bd5 h5 27.Rb1 Bxd5 28.cxd5 Na5
29.Rbc1 Nh7 30.Rc7+ Kg8 31.Be7 Re8 32.d6 Nc6 33.Rxc6 bxc6 34.d7
Rb8 35.Rc1 Nf8 36.d8Q Rxd8 37.Bxd8 Ne6 38.Rxc6 {1-0, Saemisch Friedrich (GER) 2200 - Andersen Erik Sr, Swinemunde (Poland) 1930}
) 8.e3 O-O 9.Bd3 e5 1/2-1/2

[Event "Washington Class Championships"]
[Site "Lynnwood, WA"]
[Date "2013.11.30"]
[Round "4"]
[White "Roper David  (WA)"]
[Black "Kelley Dereque  (WA)"]
[Result "1/2-1/2"]
[WhiteElo "2228"]
[BlackElo "2219"]
[Annotator ""]
[Source ""]
[Remark "Master"]

1.e4 e5 2.Nf3 Nc6 3.Bb5 a6 4.Ba4 Nf6 5.O-O Be7 6.Re1 b5 7.Bb3
d6 8.c3 Na5 9.Bc2 c5 10.b3 Qc7 11.d4 cxd4 12.cxd4 Nc6 13.a3 exd4
14.Bb2 Be6 15.Nxd4 Nxd4 16.Bxd4 Rc8 17.Bd3 Nd7 18.Nd2 Bf6 19.Bxf6
Nxf6 20.a4 1/2-1/2

[Event "Washington Class Championships"]
[Site "Lynnwood, WA"]
[Date "2013.12.01"]
[Round "5"]
[White "Smith Andrew  (WA)"]
[Black "O'Neil Ray  (WA)"]
[Result "1-0"]
[WhiteElo "1161"]
[BlackElo "1245"]
[Annotator ""]
[Source ""]
[Remark "D"]

1.e4 d6 2.d4 Nf6 3.Nc3 g6 4.Nf3 Bg7 5.h3 O-O 6.Bd3 e6 7.Bg5 h6
8.Bh4 g5 9.Nxg5 hxg5 10.Bxg5 Nbd7 11.Qe2 e5 12.d5 Nc5 13.O-O-O
Nxd3+ 14.Rxd3 Bd7 15.Rg3 Nh7 16.Bh6 1-0

[Event "Washington Class Championships"]
[Site "Lynnwood, WA"]
[Date "2013.12.01"]
[Round "5"]
[White "Huston Drew  (WA)"]
[Black "Smith Claire  (WA)"]
[Result "0-1"]
[WhiteElo "593"]
[BlackElo "205"]
[Annotator ""]
[Source ""]
[Remark "U 1000"]

1.d4 d5 2.Nf3 c6 3.e3 e6 4.Bd3 Be7 5.c3 Qb6 6.Nbd2 Nf6 7.O-O
Nbd7 8.Re1 c5 9.e4 c4 10.Bc2 Qc7 11.exd5 Nxd5 12.Nf1 N7f6 13.a3
a6 14.Bd2 b5 15.Bg5 Bb7 16.Bxf6 Nxf6 17.Qd2 Bxf3 18.gxf3 Rg8
19.Qe2 g5 20.Be4 g4 21.Bxa8 gxf3+ 22.Kh1 fxe2 23.Rxe2 Kd7 0-1

[Event "Washington Class Championships"]
[Site "Lynnwood, WA"]
[Date "2013.12.01"]
[Round "6"]
[White "Kalina Chris  (MN)"]
[Black "Norovsambuu Badamkhand  (WA)"]
[Result "1/2-1/2"]
[WhiteElo "2131"]
[BlackElo "2077"]
[Annotator ""]
[Source ""]
[Remark "Master"]

1.d4 Nf6 2.c4 c5 3.Nf3 cxd4 4.Nxd4 d5 5.cxd5 Nxd5 6.e4 Nf6 7.Nc3
e5 8.Ndb5 a6 9.Qxd8+ Kxd8 ( 9...Kxd8 10.Na3 Bxa3 11.bxa3 Nbd7
12.Bc4 Ke8 13.Be3 b6 14.Nd5 Rb8 15.Nxf6+ Nxf6 16.f3 b5 17.Bb3
Be6 18.Bxe6 fxe6 19.Rc1 Kd7 20.Ke2 Rhc8 21.Rhd1+ Ke8 22.Rd6 Ke7
23.Rxa6 Rxc1 24.Bxc1 h6 25.Be3 Nd7 26.Kd2 Rb7 27.Kc2 Nb8 28.Ra7
Rxa7 29.Bxa7 Nc6 30.Bc5+ Kf7 31.Kb3 Ke8 32.a4 bxa4+ 33.Kxa4 g6
34.Kb5 Kd7 35.Kb6 Nb8 36.a4 Kc8 37.Bd6 Nd7+ 38.Kc6 {1-0, Muller Hans (AUT) - Kluger Gyula (HUN) 2250, Tatatovaros (Hungary) 1935}
) 10.Na3 b5 11.Nc2 Bb7 12.Bg5 Nbd7 13.a4 b4 14.Nd5 Bxd5 15.exd5
Be7 16.Bxf6 Nxf6 17.Bc4 Bd6 18.O-O Ke7 19.Rfe1 Rhc8 1/2-1/2

[Event "Washington Class Championships"]
[Site "Lynnwood, WA"]
[Date "2013.12.01"]
[Round "6"]
[White "Fryberg Skylor  (WA)"]
[Black "Yu Justin  (WA)"]
[Result "0-1"]
[WhiteElo "1894"]
[BlackElo "1852"]
[Annotator ""]
[Source ""]
[Remark "A"]

1.Nf3 d5 2.c4 e6 3.d4 Nf6 4.Nc3 c6 5.e3 Nbd7 6.Bd3 Bd6 7.O-O
O-O 8.Bd2 e5 9.cxd5 cxd5 10.dxe5 Nxe5 11.Be2 Bd7 12.Qb3 Bc6 13.Nb5
Ne4 14.Rad1 Nxf3+ 15.Bxf3 Nc5 16.Qb4 a5 17.Qg4 Bxb5 18.Bc3 f6
19.Bxd5+ Kh8 20.Rfe1 Qc7 21.Qh5 Bc6 22.Bxc6 Qxc6 23.Rd4 h6 24.Qg6
Qc7 25.f4 b6 26.g4 Rad8 27.Red1 Be7 28.g5 hxg5 29.fxg5 Rxd4 30.Rxd4
fxg5 31.Rh4+ 0-1

[Event "Washington Class Championships"]
[Site "Lynnwood, WA"]
[Date "2013.12.01"]
[Round "6"]
[White "Collyer Curt  (WA)"]
[Black "Raptis Nick  (OR)"]
[Result "0-1"]
[WhiteElo "2295"]
[BlackElo "2343"]
[Annotator ""]
[Source ""]
[Remark "Master"]

1.Nf3 Nf6 2.g3 g6 3.b3 Bg7 4.Bb2 O-O 5.Bg2 c5 6.c4 Nc6 7.O-O
d6 8.d4 cxd4 9.Nxd4 Nxd4 10.Qxd4 Qa5 11.Nc3 Be6 12.Qd3 Rab8 13.Nb5
a6 14.Bc3 Qd8 15.Nd4 Bd7 16.a4 Ng4 17.Qd2 Ne5 18.Rfd1 Qc7 19.Qb2
Rfc8 20.Rac1 Qd8 21.h3 Qf8 22.a5 Nc6 23.e3 b6 24.axb6 Rxb6 25.Nxc6
Bxc6 26.c5 dxc5 27.Bxg7 Qxg7 28.Qxg7+ Kxg7 29.Rxc5 Bb7 30.Rxc8
Bxc8 31.Rd8 Be6 32.Ra8 Bxb3 33.Ra7 e6 34.Kh2 Bc4 35.Be4 Rb2 36.Kg2
Ra2 37.g4 a5 38.Bc6 Bb3 39.g5 a4 40.e4 a3 41.Kf3 Ra1 42.Rb7 a2
43.Rxb3 Rh1 0-1

[Event "Washington Class Championships"]
[Site "Lynnwood, WA"]
[Date "2013.11.30"]
[Round "3"]
[White "Huang Jared  (WA)"]
[Black "Buntaran Alexius  (WA)"]
[Result "0-1"]
[WhiteElo "1154"]
[BlackElo "1023"]
[Annotator ""]
[Source ""]
[Remark "E"]

1.d4 d5 2.c4 e6 3.cxd5 exd5 4.Nc3 Nf6 5.Nf3 c6 6.Bg5 Be7 7.e3
Bg4 8.Be2 Nbd7 9.O-O O-O 10.h3 Bh5 11.Bxf6 Nxf6 12.Ne5 Bxe2 13.Qxe2
Re8 14.Rac1 Bd6 15.Nf3 Bc7 16.Qc2 Re6 17.Rfe1 Ne4 18.Nxe4 dxe4
19.Nd2 Qh4 20.Rf1 Rae8 21.Qc5 Rg6 22.f3 {??} Qxh3 {?}
( 22...Rxg2+ 23.Kxg2 Qg3+ 24.Kh1 Qh2# ) 23.Rf2 Qh2+ 24.Kf1 Bg3
25.Nxe4 Bxf2 26.Nxf2 Rxg2 27.Qc2 Rxe3 28.Re1 Qg1# 0-1

[Event "Washington Class Championships"]
[Site "Lynnwood, WA"]
[Date "2013.12.01"]
[Round "5"]
[White "Ardeleanu Andrew  (WA)"]
[Black "Huang Jared  (WA)"]
[Result "0-1"]
[WhiteElo "1041"]
[BlackElo "1154"]
[Annotator ""]
[Source ""]
[Remark "E"]

1.c4 c5 2.Nf3 Nc6 3.b3 d6 4.Bb2 e6 5.g3 Nf6 6.Nc3 a6 7.Bg2 Bd7
8.d4 cxd4 9.Nxd4 Qc7 10.e3 Be7 11.O-O O-O 12.Re1 Rac8 13.a3 Rfd8
14.h3 Re8 15.Nxc6 Bxc6 16.Bxc6 Qxc6 17.e4 Rcd8 18.Qc2 Qb6 19.Na4
Qc7 20.e5 Nd7 21.f4 b5 22.exd6 Bxd6 23.Qc3 Nf6 24.c5 bxa4 25.cxd6
Qxc3 26.Bxc3 Rxd6 27.bxa4 Rd3 28.Bxf6 gxf6 29.Kf2 Rc8 30.Re3
Rcc3 31.Rxd3 Rxd3 32.h4 Kg7 33.g4 Kg6 34.Ke2 Rh3 35.h5+ Kg7 36.Kf2
f5 37.Rg1 fxg4 38.Rxg4+ Kf6 39.Rg3 Rxh5 40.Rb3 Ra5 41.Rb4 Kf5
42.Kg3 Rc5 43.Rd4 e5 44.fxe5 Rxe5 45.Kf3 h6 46.Rb4 h5 47.Rc4
Rd5 48.Rc6 Rd3+ 49.Ke2 Rxa3 50.Rxa6 Ke4 51.Rh6 Rxa4 52.Rxh5 Ra2+
53.Kd1 {%02'time'} 0-1

[Event "Washington Class Championships"]
[Site "Lynnwood, WA"]
[Date "2013.11.30"]
[Round "3"]
[White "Anthony Ralph  (WA)"]
[Black "Whitmer Charles  (WA)"]
[Result "0-1"]
[WhiteElo "1743"]
[BlackElo "1645"]
[Annotator ""]
[Source ""]
[Remark "B"]

1.e4 c5 2.Nf3 d6 3.d4 cxd4 4.Nxd4 Nf6 5.f3 a6 6.c4 e5 7.Nc2 Be6
8.Nc3 Qc7 9.Nd5 Bxd5 10.cxd5 Nbd7 11.Be3 Be7 12.Be2 O-O 13.O-O
Nc5 14.Qd2 Rac8 15.Rac1 Qd8 16.Na3 Nh5 17.b4 Nd7 18.Rxc8 Qxc8
19.Rc1 Qd8 20.Nc4 Nf4 21.Bf1 f5 22.g3 Ng6 23.Bh3 f4 24.Be6+ Kh8
25.gxf4 Nxf4 26.Bxf4 Rxf4 27.Qg2 Nf8 28.Bf5 g6 29.Bg4 Bg5 30.Rc2
h5 31.Bh3 Rh4 32.Kh1 Bf4 33.Nd2 Bxd2 34.Rxd2 Qb6 35.Qg3 Rf4 36.Bf5
Qe3 37.Rf2 Qe1+ 38.Kg2 gxf5 39.exf5 Rxf5 40.h3 Qe3 41.Kh2 Qf4
42.Rg2 Qxg3+ 43.Rxg3 Rf4 44.a3 h4 45.Rg5 Rxf3 46.Rh5+ Kg7 47.Rxh4
Ng6 48.Rc4 Rf7 49.Rc8 Nh4 50.Kg3 Nf5+ 51.Kg4 b5 {%02
 (I can only hope that the preceeding move pair was correct.  Both scoresheets
seemed to be missing this move, having 50. ... Nf5+ followed immediately by 51.
Rd8.  The moves I included for 51. seemed to be the best to make sense of the rest of the game.  MV)}
52.Rd8 e4 53.Kf4 e3 54.Kf3 Re7 55.Ke2 Nd4+ 56.Ke1 e2 57.Rxd6
Nf3+ 0-1

[Event "Washington Class Championships"]
[Site "Lynnwood, WA"]
[Date "2013.12.01"]
[Round "6"]
[White "Huang Ethan  (WA)"]
[Black "Michailov George  (WA)"]
[Result "1/2-1/2"]
[WhiteElo "555"]
[BlackElo "931"]
[Annotator ""]
[Source ""]
[Remark "U 1000"]

1.d4 d5 2.Bg5 Bf5 3.e3 Qd6 4.c3 e6 5.f4 Be7 6.Bxe7 Nxe7 7.Nf3
Qb6 8.Qd2 Nd7 9.Be2 Nf6 10.O-O O-O 11.Qc1 c5 12.Nbd2 cxd4 13.exd4
Rac8 14.Ne5 Nc6 15.Ndf3 h6 16.h3 Qc7 17.g4 Bh7 18.g5 Nxe5 19.Nxe5
hxg5 20.fxg5 Ne4 21.Bd3 Nxg5 22.Bxh7+ Nxh7 1/2-1/2

[Event "Washington Class Championships"]
[Site "Lynnwood, WA"]
[Date "2013.12.01"]
[Round "6"]
[White "Brusniak Benjamin  (WA)"]
[Black "Zhang Brendan  (WA)"]
[Result "1/2-1/2"]
[WhiteElo "1669"]
[BlackElo "1815"]
[Annotator ""]
[Source ""]
[Remark "A"]

1.d4 Nf6 2.c4 e6 3.Nf3 Bb4+ 4.Bd2 Bxd2+ 5.Nbxd2 O-O 6.e3 b6 7.Bd3
Nc6 8.a3 Bb7 9.O-O d5 10.Rc1 Ne7 11.Qe2 Ng6 12.Bxg6 hxg6 13.c5
a5 14.b4 axb4 15.axb4 bxc5 16.Rxc5 c6 17.Rfc1 Ba6 18.Qd1 Bb5
19.Ne5 Qb6 20.Nxc6 Bxc6 21.Rxc6 Qxb4 22.Nf3 Ne4 23.Ne5 Ra2 24.R6c2
Ra3 25.h3 Nd6 26.Rb1 Qa4 27.Rcb2 Qxd1+ 28.Rxd1 g5 29.Rdb1 f6
30.Nd7 Re8 1/2-1/2

[Event "Washington Class Championships"]
[Site "Lynnwood, WA"]
[Date "2013.12.01"]
[Round "6"]
[White "Ma Kenneth  (WA)"]
[Black "Haining Breck  (WA)"]
[Result "1-0"]
[WhiteElo "1065"]
[BlackElo "1414"]
[Annotator ""]
[Source ""]
[Remark "D"]

1.e4 g6 2.d4 Bg7 3.Nc3 d6 4.f4 Nf6 5.Nf3 O-O 6.Bd3 c5 7.d5 e6
8.Bd2 a6 9.O-O b5 10.b3 exd5 11.exd5 Bb7 12.Rb1 Nxd5 13.Nxd5
Bxd5 14.c4 bxc4 15.bxc4 Bc6 16.Re1 Nd7 17.f5 Bxf3 18.Qxf3 Ne5
19.Qh3 Nxd3 20.Qxd3 Qc7 21.Rf1 Rab8 22.Rxb8 Qxb8 23.f6 Bh8 24.Bf4
Bxf6 25.Bxd6 Bd4+ 26.Qxd4 cxd4 27.Bxb8 Rxb8 28.Rd1 Rd8 29.Kf2
Kg7 30.Kf3 Kf6 31.Ke4 Re8+ 32.Kd3 Rd8 33.Re1 h5 34.Re4 g5 35.Rxd4
Rxd4+ 36.Kxd4 Ke7 37.Kc5 Kd7 38.Kb6 f5 39.Kc5 f4 40.Kd5 g4 41.Ke4
f3 42.gxf3 gxf3 43.Kxf3 Kd6 44.Kf4 Kc5 45.Kg5 Kxc4 46.Kxh5 Kd5
47.Kg6 1-0

[Event "Washington Class Championships"]
[Site "Lynnwood, WA"]
[Date "2013.12.01"]
[Round "6"]
[White "Leslie Cameron  (ID)"]
[Black "He Samuel  (WA)"]
[Result "1/2-1/2"]
[WhiteElo "2045"]
[BlackElo "2088"]
[Annotator ""]
[Source ""]
[Remark "Master"]

1.d4 e6 2.c4 b6 3.Nc3 Bb4 4.e3 Bxc3+ 5.bxc3 Bb7 6.Nh3 Nf6 7.f3
d6 8.Bd3 c5 ( 8...Nbd7 9.O-O Qe7 10.Bd2 O-O-O 11.a4 a5 12.Nf2
h5 13.Rb1 g5 14.e4 Rdg8 15.Rb5 g4 16.f4 h4 17.Qe2 g3 18.hxg3
Rxg3 19.Rg5 Rxg5 20.fxg5 Nh5 21.Nh1 Ng3 22.Nxg3 hxg3 23.Qf3 f5
24.Qxg3 fxe4 25.Be2 Qh7 26.Be3 Qh1+ 27.Kf2 Rf8+ 28.Ke1 Rxf1+
29.Bxf1 Ba6 30.Qh3 Qxh3 31.gxh3 Kd8 32.h4 Ke7 33.Be2 Kf8 34.h5
Kg7 35.c5 Bxe2 36.Kxe2 bxc5 37.dxc5 dxc5 38.Bf4 e5 39.Bg3 c4
40.Ke3 Nc5 41.Bxe5+ Kg8 42.g6 Nd7 43.Kxe4 Nc5+ 44.Kf5 {1-0, Steiger Walfried (GER) 1994 - Mueller Wolfgang (GER) 1960, Bad Woerishofen (Germany) 2003.03}
) 9.O-O Nc6 10.f4 Qd7 11.f5 e5 12.d5 Na5 13.e4 Ba6 14.a4 Bxc4
15.Bxc4 Nxc4 16.Qd3 Na5 17.c4 h6 18.Bd2 Nb7 19.Qg3 Rg8 20.Qd3
Rb8 21.Qc2 Ke7 22.Rf3 Ne8 23.Rg3 Nc7 24.Rb1 Na6 25.Rf1 f6 26.Qd1
Nb4 27.Rg6 Qe8 28.Rf3 Na5 29.Rfg3 Qf7 30.Qc1 Rbf8 1/2-1/2

[Event "Washington Class Championships"]
[Site "Lynnwood, WA"]
[Date "2013.12.01"]
[Round "6"]
[White "Tiglon Bryce  (WA)"]
[Black "He Samuel  (WA)"]
[Result "1/2-1/2"]
[WhiteElo "2199"]
[BlackElo "2206"]
[Annotator ""]
[Source ""]
[Remark "Master"]

1.e4 c5 2.Nf3 e6 3.d4 cxd4 4.Nxd4 a6 5.Bd3 Bc5 6.Nb3 Be7 7.O-O
d6 8.f4 Nd7 9.Be3 Ngf6 10.Nd4 Qc7 11.c4 b6 12.Nc3 Bb7 13.Rc1
Rc8 14.b4 Qb8 15.a3 O-O 16.g4 Qa8 17.Qf3 g6 18.g5 Nh5 19.Nde2
Bxg5 20.Ng3 Nxg3 21.hxg3 Bf6 22.Rf2 b5 23.Rd2 Bg7 24.Qe2 bxc4
25.Bxc4 d5 26.exd5 exd5 27.Nxd5 Rfe8 28.Rcd1 Re4 29.Ba2 Qb8 30.Qf2
Bc6 31.Rc1 Ba4 32.Rxc8+ Qxc8 33.Nb6 Nxb6 34.Bxb6 Qc1+ 35.Kh2
Bf6 36.Bc5 h5 37.Bd5 Re8 38.Re2 Rd8 39.Qg2 h4 40.Qe4 Kg7 41.Bd4 1/2-1/2

[Event "Washington Class Championships"]
[Site "Lynnwood, WA"]
[Date "2013.12.01"]
[Round "6"]
[White "Yee Nathaniel  (WA)"]
[Black "Eken Winston  (WA)"]
[Result "1-0"]
[WhiteElo "1679"]
[BlackElo "1622"]
[Annotator ""]
[Source ""]
[Remark "B"]

1.e4 e5 2.Nf3 Nc6 3.Bc4 Nf6 4.Ng5 d5 5.exd5 Na5 6.Bb5+ c6 7.dxc6
bxc6 8.Be2 h6 9.Nf3 e4 10.Ne5 Qd4 11.f4 Bc5 12.Rf1 O-O 13.c3
Qd6 14.b4 Rd8 15.bxc5 Qxc5 16.Ba3 Qb6 17.c4 e3 18.c5 Qc7 19.Qc2
Nd5 20.d4 f6 21.Ng6 Be6 22.Nc3 Ne7 23.Nxe7+ Qxe7 24.Qa4 Nb7 25.Bc4
Kh8 26.Bxe6 Qxe6 27.Rf3 Qf5 28.Kf1 Qd3+ 29.Ne2 Rxd4 30.Qxd4 Qxa3
31.Rxe3 Qa6 32.Qd3 Qa5 33.Qa3 Qc7 34.Rd1 a5 35.Kg1 a4 36.Qb4
Qf7 37.Qb6 a3 38.Qxc6 Rf8 39.Rd7 Qxa2 40.Rxb7 Qd2 41.Qf3 Ra8
42.Rb1 Rd8 43.Rxa3 Qc2 44.Rc1 Rd1+ 45.Rxd1 Qxd1+ 46.Qf1 Qd5 47.Rc3
Qc6 48.Qf3 Qc7 49.c6 f5 50.h3 Kh7 51.Qe3 h5 52.Qe5 Qa7+ 53.Kh2
h4 54.c7 1-0

[Event "Washington Class Championships"]
[Site "Lynnwood, WA"]
[Date "2013.12.01"]
[Round "6"]
[White "Mitchell Mika  (WA)"]
[Black "Le Blanc Paul  (CAN)"]
[Result "1/2-1/2"]
[WhiteElo "1820"]
[BlackElo "1894"]
[Annotator ""]
[Source ""]
[Remark "A"]

1.e4 c6 2.c4 d5 3.exd5 cxd5 4.cxd5 Nf6 5.Qa4+ Nbd7 6.Nc3 g6 7.Nf3
Bg7 8.Bc4 O-O 9.d3 Nc5 10.Qd1 b6 11.O-O Bb7 12.Re1 Nxd5 13.d4
Nxc3 14.bxc3 Ne4 15.Bb2 Rc8 16.Qb3 Nd6 17.Be2 e6 18.Rad1 Bd5
19.Qa3 Qc7 20.Ne5 f6 21.Ng4 Rfe8 22.Ne3 Ba8 23.c4 Be4 24.f3 Ba8
25.Kf1 Nf7 26.g3 h5 27.Kf2 Ng5 28.h4 Nf7 29.Ng2 Nd6 30.Rc1 Nf5
31.f4 Bf8 32.Qd3 Kf7 33.Ne3 Nxh4 34.c5 bxc5 35.dxc5 Bxc5 36.Rxc5
Qxc5 37.gxh4 Red8 38.Qc4 Qd6 39.Qa4 Bc6 40.Qxa7+ {%02
 (At this point, both scoresheets indicate that Black attempted to make the
move 41. ... Qxf4+, which is illegal.  Since Black is compelled to move the
queen once touched, to make a legal move he would have to move the queen to c7,
d7, or e7.  They apparently agreed to a draw at that point.  Interestingly,
according to my computer, White now has the advantage with any of the three
legal queen moves, and probably should have played on.)} 1/2-1/2

[Event "Washington Class Championships"]
[Site "Lynnwood, WA"]
[Date "2013.12.01"]
[Round "6"]
[White "Feng Roland  (WA)"]
[Black "Golub David  (WA)"]
[Result "1-0"]
[WhiteElo "2273"]
[BlackElo "2244"]
[Annotator ""]
[Source ""]
[Remark "Master"]

1.d4 e6 2.c4 b6 3.Nc3 Bb7 4.Nf3 Bb4 5.Qc2 f5 6.a3 Bxc3+ 7.Qxc3
Nf6 8.e3 O-O 9.b4 Nc6 10.Bb2 Ne4 11.Qc2 Ng5 12.Be2 Qe7 13.h4
Nxf3+ 14.gxf3 e5 15.b5 Nd8 16.dxe5 Ne6 17.h5 f4 18.h6 g6 19.e4
a6 20.Rd1 Rad8 21.Qc3 Rfe8 22.Bf1 Ra8 23.Bh3 Bc8 24.Rd5 Kf7 25.Kf1
Rf8 26.Ke2 Ke8 27.Rhd1 Qh4 28.Bg4 Qxh6 29.c5 Nxc5 30.Rxc5 bxc5
31.Qxc5 Qg7 32.Qxc7 h5 33.Bh3 g5 34.b6 g4 35.b7 Bxb7 36.Qxb7
Rd8 37.e6 Qe7 38.exd7+ Kf7 39.Qd5+ Kg6 40.fxg4 f3+ 41.Ke3 hxg4
42.Bxg4 1-0

[Event "Washington Class Championships"]
[Site "Lynnwood, WA"]
[Date "2013.12.01"]
[Round "6"]
[White "Omori Michael  (WA)"]
[Black "Haining Kyle  (WA)"]
[Result "1/2-1/2"]
[WhiteElo "2179"]
[BlackElo "2070"]
[Annotator ""]
[Source ""]
[Remark "Master"]

1.e4 g6 2.d4 Bg7 3.Nc3 d6 4.f4 Nf6 5.Nf3 O-O 6.e5 dxe5 7.dxe5
Qxd1+ 8.Kxd1 Ng4 9.Ke1 c5 10.Nd5 ( 10.Nd5 Nc6 11.h3 Nh6 12.Be3
b6 13.Bb5 Nb4 14.Nxb4 cxb4 15.Bc6 Rb8 16.a3 bxa3 17.Rxa3 Bb7
18.Nd4 Nf5 19.Nxf5 gxf5 20.Bxb7 Rxb7 21.Ke2 Rc8 22.c3 Rd8 23.Rd1
Rbd7 24.Rxd7 Rxd7 25.Bd4 e6 26.Ra4 Rc7 27.Kd3 Bf8 28.Rc4 Rb7
29.Rc8 Kg7 30.Kc4 b5+ 31.Kd3 a5 32.Bc5 Bxc5 33.Rxc5 f6 34.exf6+
Kxf6 35.b3 h5 36.Rc8 Rg7 37.Rf8+ Ke7 38.Rh8 Rxg2 39.Rxh5 Rb2
40.Rh7+ Kf6 41.Ra7 Rxb3 42.Rxa5 b4 43.Rc5 bxc3 44.Rxc3 Rxc3+
45.Kxc3 e5 46.Kd3 e4+ 47.Ke3 Kg6 48.Kf2 Kh6 49.Kg2 Kh5 50.Kg3
e3 51.Kf3 Kh4 52.Kxe3 Kxh3 53.Kf3 Kh4 54.Kf2 Kg4 55.Kg2 Kxf4
56.Kf2 Ke4 57.Ke2 {1/2-1/2, Martinez Milton Fernando (URU) - Prado Rommel (URU) 2161, Montevideo (Uruguay) 2000}
) Nc6 11.Bb5 Nb4 12.Nxb4 cxb4 13.Bd2 a5 14.a3 Bf5 15.h3 Nh6 16.Nd4
Be4 17.Kf2 Rfd8 18.c3 Nf5 19.Nxf5 Bxf5 20.Ke3 b3 21.g4 Bc2 22.Rae1
Bh6 23.Rh2 Rd5 24.Bc4 Rxe5+ 25.Kf3 Rxe1 26.Bxe1 Rd8 27.Rd2 Rxd2
28.Bxd2 e5 29.g5 e4+ 30.Ke3 Bf8 31.Kf2 Bxa3 32.bxa3 b2 33.Ba2
b1Q 34.Bxb1 Bxb1 1/2-1/2

[Event "Washington Class Championships"]
[Site "Lynnwood, WA"]
[Date "2013.12.01"]
[Round "6"]
[White "Oshiro Michael  (WA)"]
[Black "Zhang Derek  (WA)"]
[Result "1/2-1/2"]
[WhiteElo "2100"]
[BlackElo "1922"]
[Annotator ""]
[Source ""]
[Remark "Expert"]

1.d4 e6 2.g3 f5 3.Bg2 Nf6 4.Nh3 Nc6 5.O-O b6 6.c4 Bb7 7.Nc3 d6
8.Nf4 Qd7 9.d5 exd5 10.cxd5 Nd8 11.Qd4 c5 12.dxc6 Nxc6 13.Qa4
O-O-O 14.Rd1 Kb8 15.Nfd5 Nxd5 16.Nxd5 Ne7 17.Qxd7 Rxd7 18.Nf4
Bxg2 19.Kxg2 Nc6 20.b3 Be7 21.Bb2 Rg8 22.Rac1 Kb7 23.h4 g6 24.e3
Rf8 25.Ba3 Rfd8 26.Rd5 Ne5 27.Rcd1 Nf7 28.R1d2 1/2-1/2

[Event "Washington Class Championships"]
[Site "Lynnwood, WA"]
[Date "2013.12.01"]
[Round "6"]
[White "Yeo Noah  (WA)"]
[Black "Hendricks David  (WA)"]
[Result "1/2-1/2"]
[WhiteElo "1635"]
[BlackElo "1693"]
[Annotator ""]
[Source ""]
[Remark "B"]

1.e4 c5 2.Nf3 Nc6 3.d4 cxd4 4.Nxd4 Nf6 5.Nc3 e5 6.Nb3 Bb4 7.Bd3
h6 8.Bd2 O-O 9.O-O ( 9.a3 Be7 10.O-O d6 11.Kh1 a6 12.a4 Nb4 13.Na2
Nxd3 14.cxd3 Be6 15.Nbc1 Qc7 16.Nc3 Rac8 17.h3 Nd7 18.f4 Nb8
19.f5 Bd7 20.Nd5 Qd8 21.Qg4 Kh7 22.Qh5 Bf6 23.Nxf6+ Qxf6 24.Ne2
Rc2 25.Bc3 Qg5 26.Qxg5 hxg5 27.Ng3 b5 28.axb5 Bxb5 29.Rfd1 Nd7
30.d4 Re8 31.dxe5 dxe5 32.Rd6 Nc5 33.Rad1 Na4 34.R1d2 Rxd2 35.Bxd2
Nxb2 36.Bxg5 f6 37.Bc1 Nc4 38.Rd5 Re7 39.Ne2 Rd7 40.Rxd7 Bxd7
41.Nc3 Nd6 42.Ba3 Nc4 43.Bb4 Kh6 44.Nd5 Kg5 45.g3 Bc6 46.Bf8
Bxd5 47.exd5 Kxf5 48.Bxg7 a5 49.Bf8 a4 50.d6 Ke6 51.d7 Kxd7 52.Kg2
Nd6 53.Bh6 a3 54.Bc1 Nc4 55.Bxa3 Nxa3 56.Kf3 Ke6 57.g4 Nc4 58.h4
Nd6 59.h5 Nf7 60.Ke4 Ng5+ 61.Ke3 f5 62.gxf5+ Kxf5 {0-1, Nicod P - Kieffer Christian (FRA) 2183, Le Touquet (France) 1995}
) b6 10.a3 Be7 11.Qe2 a6 12.f4 exf4 13.Bxf4 d6 14.Nd5 Be6 15.Nxe7+
Qxe7 16.h3 Bxb3 17.cxb3 Nd4 18.Qf2 Nxb3 19.Rae1 Nc5 20.Bb1 Rae8
21.e5 dxe5 22.Rxe5 Qd8 23.Rxe8 Qxe8 24.Bd6 Nfe4 25.Qc2 Qd7 26.Bxf8
Qd4+ 27.Kh2 Qe5+ 28.Kg1 Qd4+ 1/2-1/2